| 000 | 00480nam a2200181Ia 4500 | ||
|---|---|---|---|
| 001 | 13732 | ||
| 005 | 20260306164822.0 | ||
| 008 | 260306t2012||||xx |||||||||||||| ||spa|| | ||
| 041 | _aESP | ||
| 082 |
_a005.133 _bM35 |
||
| 100 |
_aMechtley, Adam _eAUT |
||
| 245 | 0 |
_aMaya Python for games and film: _ba complete reference for Maya Python and the Maya Python API |
|
| 260 | _c2012 | ||
| 300 |
_aXXIII, 381 P. _c |
||
| 650 | _aGEN | ||
| 654 | _aCCC | ||
| 942 |
_cLIB _dJUS _fJUS _2ddc _n |
||
| 999 |
_c13732 _d13732 |
||